Every Tyga Song on the Billboard Hot 100 - Statistics

General Stats
  • This quiz has been taken 65 times
    17 since last reset
  • The average score is 9 of 32
Answer Stats
# Year Song % Correct
8 2018 Taste ft. Offset
83%
6 2012 Rack City
75%
21 2015 Ayo (Chris Brown)
67%
9 2014 Loyal (Chris Brown) ft. Lil Wayne
58%
33 2012 Faded ft. Lil Wayne
42%
85 2014 Hookah ft. Young Thug
42%
41 2020 Juicy (Doja Cat)
42%
96 2018 Kream (Iggy Azalea)
42%
63 2018 Dip (Nicki Minaj)
33%
71 2015 Do It Again (Pia Mia) ft. Chris Brown
33%
66 2013 Molly ft. Cedric Gervais, Wiz Khalifa & Mally Mall
33%
65 2020 West Coast Shit (Pop Smoke) ft. Quavo
33%
14 2010 Deuces (Chris Brown) ft. Kevin McCall
25%
68 2013 Dope ft. Rick Ross
25%
86 2011 Far Away ft. Chris Richardson
25%
50 2019 Go Loko (YG & Jon Z)
25%
95 2020 Loco Contigo (DJ Snake & J Balvin)
25%
91 2012 Make It Nasty
25%
70 2015 Ride Out (Kid Ink, Wale, YG & Rich Homie Quan)
25%
53 2012 Ayy Ladies (Travis Porter)
17%
92 2014 Bend Ova (Lil Jon)
17%
56 2013 Bubble Butt (Major Lazer) ft. Bruno Mars & Mystic
17%
81 2013 Celebration (The Game) ft. Chris Brown, Wiz Khalifa & Lil Wayne
17%
94 2008 Coconut Juice ft. Travis McCoy
17%
72 2012 Get Low (Waka Flocka Flame) ft. Nicki Minaj & Flo Rida
17%
90 2019 Light It Up (Marshmello & Chris Brown)
17%
89 2011 Still Got It ft. Drake
17%
68 2013 Wait For A Minute (Justin Bieber)
17%
74 2012 Mutha***** Up ft. Nicki Minaj
8%
100 2012 Snitches Ain't... (YG) ft. Snoop Dogg & Nipsey Hussle
8%
90 2013 So Many Girls (DJ Drama) ft. Wale & Roscoe Dash
8%
59 2019 Startender (A Boogie Wit Da Hoodie) ft. Offset
8%
No matching quizzes found
Score Distribution
Percent of People with Each Score
Percentile by Number Answered
Your Score History
You have not taken this quiz since the last reset